000 00761nam a2200241 i 4500
001 9722
003 ES-MaACL
005 20240124161615.0
007 t|
008 931130s1993 sp ||||1| spa d
020 _a84-7979-076-8
080 _a83-821"19"
080 _a83(Canetti,E.7 T.03=6)
100 0 _aCanetti, Elias,
_d1905-1994
_934493
245 1 3 _aEl Testigo escuchón
_b: cincuenta caracteres /
_cElias Canetti ; traducido del alemán por Juan José del Solar.
260 _aMadrid :
_bAnaya & Mario Muchnik,
_cD.L. 1993.
300 _a213 p. ;
_c22 cm.
490 1 _aAnalectas
700 1 _aSolar, Juan José del,
_d1946-
_9107098
830 0 _aAnalectas
_9179396
852 _aES-MaACL
_jL-17215
_bR.122182
999 _c9722
_d9722